[Event "TCh-SVK"]
[Site "SVK"]
[Date "2000.10.21"]
[Round "1"]
[White "Markos,J"]
[Black "Tibensky,R"]
[Result "1/2-1/2"]
[WhiteElo "2327"]
[BlackElo "2414"]

1.d4 g6 2.e4 Bg7 3.Nc3 c6 4.Nf3 d5 5.h3 Nf6 6.e5 Nfd7 7.Bf4 Nf8 8.Qd2 h6
9.Bd3 b6 10.h4 Ba6 11.h5 Bxd3 12.Qxd3 g5 13.Be3 e6 14.O-O Nbd7 15.Nh2 f5
16.exf6 Nxf6 17.f4 Nxh5 18.fxg5 hxg5 19.Rf3 Nf4 20.Bxf4 gxf4 21.Rxf4 Qd6
22.Raf1 O-O-O 23.Ng4 Nd7 24.Rf7 Rdg8 25.R1f4 Kb8 26.Ne2 Bh6 27.Nxh6 Rxh6
28.Qa3 Qxa3 29.bxa3 Kc7 30.Re7 Kd6 31.Rff7 Rd8 32.Rg7 c5 33.g4 Rh4 34.Ref7 cxd4
35.Nxd4 Ne5 36.Rf6 Rxg4+ 37.Rxg4 Nxg4 38.Rg6 Nf6 39.Rxf6 Rg8+ 40.Kf2 Ke5
41.Rxe6+ Kxd4 42.Rc6 Rh8 43.Rc7 a5 44.Ke2 Rh3 45.Kd2 Rxa3 46.Rc6 b5 47.c3+ Ke5
48.Rb6 Rxa2+ 49.Kc1 b4 50.cxb4 axb4 51.Rxb4 d4 52.Rb3 Ke4 53.Kd1 Rf2 54.Rh3 Kd5
55.Rg3 Kc4 56.Rh3  1/2-1/2

[Event "Belgian Interteams 2000-1"]
[Site "BEL"]
[Date "2000.10.22"]
[Round "2"]
[White "Van Houtte,T"]
[Black "Cekro,E"]
[Result "1/2-1/2"]
[WhiteElo "2229"]
[BlackElo "2390"]

1.e4 g6 2.d4 Bg7 3.Nc3 c6 4.f4 d5 5.e5 h5 6.Nf3 Nh6 7.Be3 Qb6 8.Rb1 Bg4 9.h3 Bxf3
10.Qxf3 Nf5 11.Bd3 Nxe3 12.Qxe3 e6 13.O-O h4 14.Na4 Qc7 15.b3 b5 16.Nb2 Bf8
17.c4 a6 18.Rfc1 Qb7 19.Rc2 Ba3 20.cxd5 cxd5 21.Rbc1 Kd7 22.f5 gxf5 23.Qg5 Bxb2
24.Rxb2 Nc6 25.Rbc2 Nxd4 26.Rc7+ Qxc7 27.Rxc7+ Kxc7 28.Qe7+ Kb6 29.a4 Nc6
30.Qxf7 Rhe8 31.Qf6 Kc5 32.Qxh4 Nxe5 33.Qf2+ d4 34.Qc2+ Kb6 35.a5+ Kb7 36.Qc5 Nd7
37.Qxd4 Kc6 38.b4 Rf8 39.Qc3+  1/2-1/2

[Event "34th Olympiad Women"]
[Site "Istanbul TUR"]
[Date "2000.10.29"]
[Round "2"]
[White "Grosar,K"]
[Black "Voiska,M"]
[Result "1/2-1/2"]
[WhiteElo "2223"]
[BlackElo "2330"]

1.e4 g6 2.d4 Bg7 3.Nc3 c6 4.Be3 d5 5.Qd2 dxe4 6.Nxe4 Bf5 7.Ng3 Be6 8.Nf3 Bd5
9.Be2 Nd7 10.O-O Bxf3 11.Bxf3 Ngf6 12.c4 O-O 13.Rad1 e6 14.Bh6 a5 15.Bxg7 Kxg7
16.Qc3 Qb6 17.h4 Qb4 18.a3 Qxc3 19.bxc3 Rab8 20.Ne4 Nxe4 21.Bxe4 Nf6 22.Bf3 b5
23.c5 Nd5 24.Rd3 Rfd8 25.Rb1 h5 26.g3 Kf6 27.Kg2 Ke7 28.Be4 Rbc8 29.f4 Nf6
30.Bf3 Kd7 31.Rd2 a4 32.Re1  1/2-1/2

[Event "34th Olympiad"]
[Site "Istanbul TUR"]
[Date "2000.11.02"]
[Round "6"]
[White "Meijers,V"]
[Black "Komliakov,V"]
[Result "1-0"]
[WhiteElo "2478"]
[BlackElo "2453"]

1.e4 g6 2.d4 Bg7 3.Nc3 c6 4.Be3 d5 5.Qd2 dxe4 6.Nxe4 Nd7 7.Nf3 Ngf6 8.Nxf6+ Nxf6
9.c3 O-O 10.Bd3 Qd5 11.O-O Bf5 12.Bxf5 Qxf5 13.Rfe1 Rfe8 14.Bh6 Bh8 15.Re2 c5
16.Re5 Ne4 17.Rxf5 Nxd2 18.Rxc5 Nxf3+ 19.gxf3 Rac8 20.a4 Bg7 21.Be3 e6 22.Rd1 a6
23.Kf1 Bf8 24.Rxc8 Rxc8 25.Ke2 Bd6 26.h3 Kf8 27.Kd3 Ke7 28.b4 Kd7 29.Rb1 Ra8
30.Ra1 Rc8 31.Bd2 b5 32.axb5 axb5 33.Ra5 Kc6 34.Ra6+ Kd7 35.Rb6  1-0

[Event "34th Olympiad"]
[Site "Istanbul TUR"]
[Date "2000.11.02"]
[Round "6"]
[White "Al Sayed,Mohamad"]
[Black "Mok Tze Meng"]
[Result "0-1"]
[WhiteElo "2370"]
[BlackElo "2308"]

1.e4 g6 2.d4 Bg7 3.Nc3 c6 4.Bc4 d6 5.Qf3 e6 6.Nge2 Qe7 7.O-O Nd7 8.Bb3 e5
9.Bg5 Ngf6 10.Rad1 O-O 11.Qe3 h6 12.Bxh6 Ng4 13.Qg5 Qxg5 14.Bxg5 Re8 15.d5 Bf8
16.h3 Ngf6 17.f4 Nh7 18.dxc6 bxc6 19.Bh4 Ba6 20.Bg3 Nc5 21.fxe5 Nxb3 22.axb3 dxe5
23.Rd7 f6 24.Ra1 Bc8 25.Rc7 Re6 26.Bf2 a6 27.Rd1 Re8 28.Rxc6 Be6 29.Bc5 Bg7
30.Ra1 f5 31.Raxa6 Rxa6 32.Rxa6 Nf6 33.Ra7 Rd8 34.Ra6 Kf7 35.Rd6 Rc8 36.Be3 Bf8
37.Ra6 f4 38.Bf2 Nd7 39.Nc1 Bb4 40.Be1 Bc5+ 41.Kf1 g5 42.Nb5 g4 43.hxg4 Rh8
44.Nd6+ Bxd6 45.Rxd6 Rh1+ 46.Kf2 Nf6 47.Rxe6 Kxe6 48.Nd3 Nxe4+ 49.Ke2 Nf6
50.g5 Ng4 51.g3 Rh2+  0-1

[Event "34th Olympiad Women"]
[Site "Istanbul TUR"]
[Date "2000.11.05"]
[Round "8"]
[White "Sheremetieva,M"]
[Black "Voiska,M"]
[Result "0-1"]
[WhiteElo "2340"]
[BlackElo "2330"]

1.e4 g6 2.d4 Bg7 3.Nc3 c6 4.Be3 d5 5.e5 Nh6 6.Qd2 Nf5 7.Bf4 h5 8.Nf3 Nd7
9.Be2 Nf8 10.h3 Ne6 11.g3 Nxf4 12.gxf4 Bh6 13.Na4 Ng7 14.Nc5 b6 15.Nb3 Bf5
16.Ng5 Qd7 17.h4 Bg4 18.Bd3 Bf5 19.Be2 Ne6 20.Rg1 Nc7 21.c4 Rd8 22.Qe3 Kf8
23.Bd3 Bxd3 24.Qxd3 Ne6 25.cxd5 cxd5 26.Qf3 Bxg5 27.fxg5 Rc8 28.Qe3 Ng7 29.f4 Rc2
30.Rb1 Qb5 31.Rc1 Nf5 32.Qf3 Nxh4 33.Qd1 Ng2+ 34.Rxg2 Rxg2 35.Qf3 Rg1+ 36.Kd2 Rxc1
37.Kxc1 e6 38.f5 gxf5 39.Nd2 Kg7 40.b3 Qb4 41.Qe3 Rc8+ 42.Kb2 Qb5 43.Nf3 Qf1
44.a4 a5 45.Ne1 f4 46.Qd2 f3  0-1

[Event "Chigorin Mem"]
[Site "St Petersburg RUS"]
[Date "2000.11.09"]
[Round "8"]
[White "Kurnosov,I"]
[Black "Grigoriev,V"]
[Result "1/2-1/2"]
[WhiteElo "2374"]
[BlackElo "2237"]

1.e4 g6 2.d4 Bg7 3.Nc3 c6 4.Bc4 d5 5.exd5 b5 6.Bb3 b4 7.Nce2 cxd5 8.a3 bxa3
9.Rxa3 Nf6 10.Ba4+ Bd7 11.Bxd7+ Qxd7 12.Nf3 Nc6 13.O-O O-O 14.Bf4 Rfc8 15.Ne5 Nxe5
16.Bxe5 Ne4 17.Bxg7 Kxg7 18.Qd3 Rc7 19.Ra5 Rac8 20.Rc1 e6 21.f3 Nd6 22.b3 Rc6
23.c3 Qb7 24.b4 Nc4 25.Ra2 Ra6 26.Rca1 Rcc6 27.Nc1 Rxa2 28.Rxa2 a5 29.bxa5 Ra6
30.Qc2 Rxa5 31.Rxa5 Nxa5 32.Nd3 Nb3 33.Ne5 Qb5 34.h4 f6 35.Ng4 h5 36.Ne3 Na5
37.Kh2 Nc6 38.Qf2 Qd3 39.Qg3 Ne7 40.Qc7 Kf7 41.Qf4 Qxc3 42.Nd1 Qa1 43.Nf2 Qa7
44.Nd3 Nf5 45.g4 hxg4 46.fxg4 Nxd4 47.Qh6 Qb8+ 48.Kg2 Qf8 49.Qf4 Nb5 50.g5 Kg7
51.Nc5 Qe7 52.Qb4 Nd6 53.gxf6+ Kxf6 54.Qd4+ Kf7 55.Qh8 Nf5 56.Nd3 Ng7 57.Ne5+ Kf6
58.Ng4+ Kf5 59.Kf3 e5 60.Nh6+ Ke6 61.Qg8+ Kd6 62.Nf7+ Ke6 63.Nh6+ Kd6 64.Nf7+ Ke6  1/2-1/2

[Event "34th Olympiad"]
[Site "Istanbul TUR"]
[Date "2000.11.12"]
[Round "14"]
[White "Abdul,M"]
[Black "Wong Meng Kong"]
[Result "1/2-1/2"]
[WhiteElo "2291"]
[BlackElo "2507"]

1.e4 g6 2.d4 Bg7 3.Nc3 c6 4.Nf3 d6 5.Be3 Nf6 6.Qd2 b5 7.Bd3 Ng4 8.Bg5 f6
9.Bh4 O-O 10.O-O Nh6 11.h3 a6 12.a4 Bb7 13.axb5 axb5 14.Rxa8 Bxa8 15.Qe2 e5
16.Ra1 Nd7 17.Ra7 Nb6 18.dxe5 dxe5 19.Qe3 Qb8 20.Ra6 Nd7 21.Nd2 Bb7 22.Ra1 Qc7
23.Nb3 Nf7 24.f3 Bh6 25.Qe1 Ra8 26.Bf2 Bf8 27.Rxa8 Bxa8 28.Qa1 Qb8 29.Qa2 Kg7
30.Qa5 Nd8 31.Na2 Nb7 32.Qc3 Qd6 33.h4 Ndc5 34.Nxc5 Nxc5 35.Bf1 Ne6 36.Qa5 Bb7
37.Qa7 Qd7 38.Nc1 Bc8 39.Qxd7+ Bxd7 40.c3 Nc5 41.Be2 Na4 42.Nd3 Be6 43.Bd1 Bc4
44.Bxa4 bxa4 45.Nc5 Bb3 46.Kf1 Kf7 47.Nxb3 axb3 48.Be3 f5 49.Ke2 f4 50.Bf2 Ba3
51.Kd3 Bxb2 52.Kc4 Ba3 53.Kxb3 Be7 54.Kc4 Ke6 55.Be1 h5 56.Bf2 Kd7 57.Kb3 Kc7
58.c4 Bd8 59.Ka4 Kd6 60.Kb4 Kd7 61.Ka4 Be7 62.Kb3 Kc7 63.Ka4 Kb7 64.Kb3 Ka6
65.Ka4 Bd8 66.Be1 Bf6 67.Bf2 Be7 68.Be1 Bd8 69.Bc3 Bf6 70.Be1 Kb6 71.Bf2+ Kc7
72.Kb4 Kd7 73.Ka4 Be7 74.Kb3 Kc8 75.Ka4 Kb8 76.Be1 Kc7 77.Bf2 Kd7 78.Kb3 Bd6
79.Ka4 Bb8 80.Bb6 Bd6 81.Bf2 Bc7 82.Bc5 Ke6 83.Bf2 Kf6 84.Kb4 Ke7 85.Ka4 Bd6
86.Kb3  1/2-1/2

[Event "Tch-AUT 2000-01"]
[Site "Gleisdorf AUT"]
[Date "2000.11.19"]
[Round "5"]
[White "Madl,I"]
[Black "Van der Wiel,J"]
[Result "1/2-1/2"]
[WhiteElo "2394"]
[BlackElo "2493"]

1.e4 g6 2.d4 Bg7 3.Nc3 c6 4.Bc4 d6 5.Qf3 e6 6.Nge2 b5 7.Bb3 a5 8.a3 Ba6 9.d5 cxd5
10.exd5 e5 11.Ne4 h6 12.g4 Nf6 13.N2g3 Nxe4 14.Nxe4 O-O 15.Rg1 Nd7 16.Be3 Nc5
17.O-O-O Nxe4 18.Qxe4 Qh4 19.f3 Rfb8  1/2-1/2

[Event "Open"]
[Site "Milan ITA"]
[Date "2000.12.03"]
[Round "1"]
[White "Lanzani,M"]
[Black "Barberi,A"]
[Result "1-0"]
[WhiteElo "2419"]
[BlackElo "2113"]

1.e4 g6 2.d4 Bg7 3.Nc3 c6 4.h3 d6 5.Be3 Nd7 6.Qd2 b5 7.Bd3 Bb7 8.Nf3 Qc7
9.a4 b4 10.Ne2 c5 11.c4 bxc3 12.Nxc3 Ngf6 13.d5 c4 14.Bc2 Nc5 15.Nd4 O-O
16.O-O a6 17.Qe2 e5 18.Nf3 Ncd7 19.Nd2 Rfc8 20.a5 Nh5 21.g3 Rab8 22.Ra4 Nc5
23.Rxc4 Qd7 24.b4 Qxh3 25.bxc5 Nxg3  1-0

[Event "Open"]
[Site "Mallorca ESP"]
[Date "2000.12.06"]
[Round "5"]
[White "March Morla,X"]
[Black "Fernandez Romero,Ern"]
[Result "1/2-1/2"]
[WhiteElo "2135"]
[BlackElo "2383"]

1.e4 g6 2.d4 Bg7 3.Nc3 c6 4.Be3 d5 5.Qd2 Nf6 6.e5 Ng4 7.Bf4 h5 8.h3 Nh6 9.g4 Ng8
10.gxh5 Rxh5 11.Be2 Rh8 12.h4 Bf5 13.Nf3 e6 14.O-O-O b5 15.Rdg1 Qa5 16.h5 Nd7
17.hxg6 Bxg6 18.Rxh8 Bxh8 19.Nh4 Ne7 20.Nxg6 Nxg6 21.Bh5 O-O-O 22.Bxg6 Rg8
23.Qd1 Rxg6 24.Rxg6 fxg6 25.Qg4 c5 26.Qxe6 cxd4 27.Qc6+ Qc7 28.Qa8+ Qb8 29.Qxb8+ Nxb8
30.Nxb5 Nc6 31.e6 Bf6 32.Kd2 Kd8 33.Bd6 Bh4 34.f3 Be7 35.Bxe7+ Kxe7 36.Kd3 Ne5+  1/2-1/2

[Event "Open"]
[Site "Padova ITA"]
[Date "2000.12.06"]
[Round "5"]
[White "Antoniacci,R"]
[Black "Di Lazzaro,G"]
[Result "0-1"]
[WhiteElo "2065"]
[BlackElo "2015"]

1.e4 g6 2.d4 Bg7 3.Nc3 c6 4.Be3 d6 5.Qd2 Nd7 6.f4 e6 7.Nf3 Ne7 8.O-O-O d5
9.Bd3 dxe4 10.Nxe4 O-O 11.g4 a5 12.h4 Nd5 13.h5 Nxe3 14.Qxe3 Qc7 15.hxg6 fxg6
16.Ne5 Nxe5 17.dxe5 Qf7 18.Rdf1 Qe7 19.Qh3 Bh8 20.Ng5 Bxe5 21.Qe3 Bg7 22.Nxh7 Rd8
23.Ng5 Qb4 24.Nxe6 Qxb2+ 25.Kd1 Bxe6 26.Qxe6+ Kf8 27.f5 Qa1+ 28.Ke2 Re8 29.fxg6+ Bf6
30.Rxf6+ Qxf6 31.g7+ Kxg7 32.Rh7+ Kf8 33.Qxe8+ Rxe8+ 34.Kd2 Qf4+ 35.Kd1 Qd4
36.Rxb7 Qa1+ 37.Kd2 Qe1+  0-1

[Event "Open"]
[Site "Padova ITA"]
[Date "2000.12.08"]
[Round "7"]
[White "Del Monaco,A"]
[Black "Di Lazzaro,G"]
[Result "1-0"]
[WhiteElo "2077"]
[BlackElo "2015"]

1.e4 g6 2.d4 Bg7 3.Nc3 c6 4.Nf3 d6 5.a4 Nf6 6.Be2 O-O 7.O-O Qc7 8.Bf4 Nh5
9.Be3 Bg4 10.h3 Bxf3 11.Bxf3 Nf6 12.g3 Nbd7 13.Bg2 c5 14.Nb5 Qc8 15.c3 a6
16.Na3 Rb8 17.Qe2 Qc7 18.f4 Nh5 19.Kh2 e5 20.fxe5 dxe5 21.d5 Nb6 22.a5 Nc8
23.b4 cxb4 24.cxb4 Nd6 25.Rac1 Qd7 26.Rc2 Rbc8 27.Rfc1 Rxc2 28.Rxc2 Rc8 29.Nc4 Nxc4
30.Rxc4 Bf8 31.Bf3 Ng7 32.Bh6 f5 33.Qc2 Rxc4 34.Qxc4 fxe4 35.Bxe4 Bd6 36.Be3 Qc7  1-0

[Event "Open"]
[Site "Padova ITA"]
[Date "2000.12.09"]
[Round "8"]
[White "Alberton,R"]
[Black "Cacco,C"]
[Result "1/2-1/2"]
[WhiteElo "2147"]
[BlackElo "2267"]

1.e4 g6 2.d4 Bg7 3.Nc3 c6 4.Nf3 d6 5.Be2 Nf6 6.O-O O-O 7.a4 a5 8.h3 Qc7 9.Be3 Nbd7
10.Qd2 Re8 11.Rfd1 b6 12.e5 Nd5 13.Nxd5 cxd5 14.exd6 exd6 15.Bb5 Ba6 16.Qd3 Bxb5
17.Qxb5 Nf6 18.c3 h6 19.Ra3 g5 20.Rb3 Rab8 21.Nd2 Qe7 22.Nf1 Qe6 23.Ng3 Ne4
24.Nxe4 Qxe4 25.Qd3 Qe6 26.Re1 Qd7 27.Rb5 Qc6 28.Qf5 Qc4 29.Rxd5 Re6 30.Ra1 Rf6
31.Qe4 Qe2 32.Qb1 g4 33.hxg4 Re8 34.Rf5 Rg6 35.Qd1 Qxb2 36.Bd2 Re2 37.Qxe2 Qxa1+
38.Kh2 Qxa4 39.Qe7 Qd1 40.Qxf7+ Kh7 41.Be3 Qxg4 42.g3 a4 43.Rf4 Qh5+ 44.Rh4 Qa5
45.d5 Qxc3 46.Rxa4 b5 47.Ra8 Rf6 48.Qg8+ Kg6 49.Qe8+ Kh7 50.Qxb5 Qc2 51.Rb8 Rf5
52.Qe8 Rf8 53.Qb5 Rf5 54.Rb7 Qe4 55.Qe2 Qxd5 56.Qc2 Kg8 57.Rb4 Rh5+ 58.Rh4 Rxh4+
59.gxh4 Qf3 60.Qc8+ Kh7 61.Qc2+ Kg8 62.Qc8+ Qf8 63.Qxf8+ Kxf8 64.h5  1/2-1/2

[Event "TCh-YUG Women"]
[Site "Kragujevac YUG"]
[Date "2000.12.14"]
[Round "4"]
[White "Zelenaya Azaric,G"]
[Black "Lazarevic,D"]
[Result "1/2-1/2"]
[WhiteElo "2081"]
[BlackElo "2051"]

1.e4 g6 2.Nc3 Bg7 3.d4 c6 4.Be3 d5 5.e5 Nh6 6.Qd2 Nf5 7.Bf4 h5 8.f3 Qb6 9.O-O-O h4
10.Nge2 a5  1/2-1/2

[Event "2nd Viking GMA"]
[Site "York ENG"]
[Date "2000.12.16"]
[Round "4"]
[White "Hector,J"]
[Black "Hodgson,Ju"]
[Result "1/2-1/2"]
[WhiteElo "2509"]
[BlackElo "2640"]

1.e4 g6 2.d4 Bg7 3.Nc3 c6 4.f4 Qb6 5.Nf3 d5 6.e5 Bg4 7.Be2 Nh6 8.Nh4 Be6
9.O-O Nd7 10.b3 f6 11.Na4 Qc7 12.c4 O-O 13.Ba3 fxe5 14.dxe5 g5 15.cxd5 Bxd5
16.Rc1 Be6 17.fxg5 Rxf1+ 18.Bxf1 Nf7 19.g6 Nfxe5 20.gxh7+ Kh8 21.Bxe7 Re8
22.Qd6 Qxd6 23.Bxd6 Bf6 24.Nf3 Nxf3+ 25.gxf3 Bd5 26.Bg2 Ne5 27.Bxe5 Bxe5
28.Nc3 Bxc3 29.Rxc3 Re2 30.a3 Kxh7 31.b4 Kg6 32.Bf1 Rb2 33.Re3 Kf5 34.Be2 b6
35.Kf2 Kf4 36.Rc3 Rb1 37.Rd3 Rh1 38.Kg2 Re1 39.Kf2 Rh1 40.Rd4+ Ke5 41.Ke3  1/2-1/2

[Event "Czech Extra League 2000-1"]
[Site "CZE"]
[Date "2000.12.17"]
[Round "3"]
[White "Turner,Ja"]
[Black "Petran,Pe"]
[Result "1-0"]
[WhiteElo "2292"]
[BlackElo "2336"]

1.e4 g6 2.d4 Bg7 3.Nc3 c6 4.Nf3 d6 5.h3 Nf6 6.Be2 O-O 7.O-O b5 8.a3 a6 9.Be3 Bb7
10.Qd2 Nbd7 11.e5 dxe5 12.dxe5 Nd5 13.Nxd5 cxd5 14.e6 fxe6 15.Ng5 Rf6 16.Bg4 Nf8
17.Bd4 Qd6 18.Rae1 Re8 19.Be5 Qc6 20.h4 d4 21.Bf3 Rxf3 22.Nxf3 Bxe5 23.Rxe5 Nd7
24.Rg5 e5 25.Re1 Qf6 26.Nxe5 Nxe5 27.Rgxe5 Qxh4 28.Qg5 Qxg5 29.Rxg5 Kf7 30.Rge5 e6
31.Rc5 Re7 32.f4 Kf6 33.Rd1 Rd7 34.Kf2 Be4 35.Rd2 h5 36.Re2 Bd5 37.Rc8 Bc4
38.Rd2 Kf5 39.b3 Bd5 40.Rf8+ Kg4 41.Rxd4  1-0

[Event "TCh-YUG Women"]
[Site "Kragujevac YUG"]
[Date "2000.12.17"]
[Round "7"]
[White "Savic,Ma"]
[Black "Lazarevic,D"]
[Result "1-0"]
[WhiteElo "2039"]
[BlackElo "2051"]

1.e4 g6 2.d4 Bg7 3.Nc3 c6 4.Nf3 d5 5.h3 h5 6.e5 Nh6 7.Bd3 Nf5 8.Bf4 b5 9.Qd2 a5
10.O-O-O Qb6 11.Ne2 Nh6 12.Ng5 e6 13.g4 Ng8 14.Rdg1 Na6 15.gxh5 Rxh5 16.Nxf7 Rxh3
17.Nd6+  1-0

[Event "Abel Cardona Open"]
[Site "Cali COL"]
[Date "2000.12.19"]
[Round "5"]
[White "Herrera,I"]
[Black "Renteria,J"]
[Result "1/2-1/2"]
[WhiteElo "2467"]
[BlackElo "2271"]

1.e4 g6 2.d4 Bg7 3.Nc3 c6 4.Nf3 d5 5.h3 dxe4 6.Nxe4 Nf6 7.Nxf6+ exf6 8.Bd3 O-O
9.O-O Be6 10.c4 Na6 11.a3 Nc7 12.Bf4 Qd7 13.Rc1 Rfc8 14.Qc2 Ne8 15.Rfd1 Bf8
16.Qd2 Bf5 17.Bf1 Be4 18.Qe3 Bxf3 19.Qxf3 f5 20.d5 c5 21.Be5 Bg7 22.Bxg7 Kxg7
23.Re1 Qd6 24.Qe3 Qf6 25.Qe7 Nd6 26.Bd3 Re8 27.Qxf6+ Kxf6 28.f4 Rxe1+ 29.Rxe1 Re8  1/2-1/2

[Event "2nd Viking IM"]
[Site "York ENG"]
[Date "2000.12.20"]
[Round "8"]
[White "Aarthie,R"]
[Black "Marusenko,P"]
[Result "1-0"]
[WhiteElo "2319"]
[BlackElo "2327"]

1.e4 g6 2.d4 Bg7 3.Nc3 c6 4.Nf3 d5 5.h3 Nh6 6.Bd3 f6 7.O-O Na6 8.exd5 cxd5
9.Bb5+ Kf7 10.Re1 Nc7 11.Ba4 Nf5 12.Bb3 e6 13.Bf4 Nd6 14.Qd2 Re8 15.Bh6 Bh8
16.h4 b5 17.Bf4 Bb7 18.Bxd6 Qxd6 19.h5 Bg7 20.Ne2 e5 21.Ng3 Ne6 22.dxe5 fxe5
23.Ne4 Qc6 24.hxg6+ Kxg6 25.Neg5 h6 26.Rxe5 Nxg5 27.Qd3+ Kh5 28.g4+ Kxg4
29.Qf5+ Kh5 30.Kg2  1-0

[Event "Eastern Open"]
[Site "Washington DC USA"]
[Date "2000.12.27"]
[Round "1"]
[White "Henry,R"]
[Black "Ivanov,AV"]
[Result "0-1"]
[WhiteElo "2200"]
[BlackElo "2567"]

1.e4 g6 2.d4 Bg7 3.Nc3 c6 4.Bc4 b5 5.Bb3 a5 6.a4 b4 7.Nce2 d5 8.exd5 cxd5
9.Nf3 Nc6 10.c4 bxc3 11.Nxc3 e6 12.Bg5 Nge7 13.O-O O-O 14.Re1 h6 15.Bh4 Qb6
16.Bc2 Ba6 17.Ra3 Bc4 18.Nb5 Bxb5 19.Bxe7 Nxe7 20.Rb3 Nc6 21.Rxb5 Qa7 22.b4 Nxb4
23.Ne5 Rac8 24.Bb1 Nc6 25.Nxg6 fxg6 26.Qg4 Qxd4 27.Qxe6+ Kh8 28.Rf1 Ne5 29.Rxd5 Qxf2+
30.Rxf2 Rc1+  0-1

[Event "1st Wilhelm Steinitz Mem"]
[Site "Prague CZE"]
[Date "2000.12.29"]
[Round "4"]
[White "Kotan,L"]
[Black "Pribyl,J"]
[Result "1/2-1/2"]
[WhiteElo "2434"]
[BlackElo "2376"]

1.e4 g6 2.d4 Bg7 3.Nc3 c6 4.Nf3 d6 5.h3 Nf6 6.Be3 O-O 7.Qd2 b5 8.Bd3 Bb7
9.O-O Nbd7 10.a4 b4 11.Ne2 c5 12.Ng3 cxd4 13.Nxd4 a5 14.Bh6 Nc5 15.Rfe1 e5
16.Nb5 Rc8 17.Bxg7 Kxg7 18.Qe3 h6 19.b3 Qe7 20.Rad1 Rfd8 21.Rd2 Rd7 22.f3 Nxd3
23.cxd3 Ba6 24.Qb6 Bxb5 25.axb5 Rb7 26.Qxa5 d5 27.b6 d4  1/2-1/2

[Event "TCh-FIN 00-01"]
[Site "FIN"]
[Date "2001.01.13"]
[Round "6"]
[White "Pulkkinen,K"]
[Black "Karttunen,M"]
[Result "1/2-1/2"]
[WhiteElo "2318"]
[BlackElo "2468"]

1.e4 g6 2.d4 Bg7 3.Nc3 c6 4.Nf3 d5 5.h3 Nf6 6.e5 Ne4 7.Nxe4 dxe4 8.Ng5 c5
9.e6 Bxe6 10.Nxe6 fxe6 11.dxc5 Qxd1+ 12.Kxd1 O-O 13.Be3 Bxb2 14.Rb1 Rd8+
15.Ke2 Bc3 16.Rb3 Ba5 17.g3 Nc6 18.c3 Rd3 19.Bg2 Rxc3 20.Rxc3 Bxc3 21.Bxe4 Rc8
22.h4 Bf6 23.h5 Nb4 24.hxg6 hxg6 25.Rb1 Nxa2 26.Rxb7 Nc3+ 27.Kf3 Nd5 28.Rxa7  1/2-1/2

[Event "Belgian Interteams 2000-1"]
[Site "BEL"]
[Date "2001.01.14"]
[Round "12"]
[White "Lemmers,O"]
[Black "Renet,J"]
[Result "1-0"]
[WhiteElo "2392"]
[BlackElo "2260"]

1.e4 g6 2.d4 Bg7 3.Nc3 c6 4.Nf3 d6 5.Be3 Nf6 6.Qd2 b5 7.Bd3 Qc7 8.O-O O-O
9.a4 b4 10.Ne2 a5 11.Ng3 e5 12.dxe5 dxe5 13.Bh6 c5 14.Bc4 Bb7 15.Bxg7 Kxg7
16.Nf5+ gxf5 17.Qg5+ Kh8 18.Qxf6+ Kg8 19.Ng5 Qc6 20.Bxf7+  1-0

[Event "Belgian Interteams 2000-1"]
[Site "BEL"]
[Date "2001.01.21"]
[Round "7"]
[White "Philippe,C"]
[Black "De Bruycker,B"]
[Result "1-0"]
[WhiteElo "2306"]
[BlackElo "2216"]

1.e4 g6 2.d4 Bg7 3.Nc3 c6 4.Bc4 b5 5.Bb3 a5 6.a3 a4 7.Ba2 Bb7 8.Qf3 e6 9.Nge2 d5
10.O-O Nf6 11.Bg5 h6 12.Bh4 g5 13.Bg3 h5 14.exd5 g4 15.Qe3 Bh6 16.Bf4 Bxf4
17.Nxf4 cxd5 18.Nxb5 Ba6 19.c4 Bxb5 20.cxb5 Ra5 21.Rac1 Rxb5 22.Nxe6 fxe6
23.Qxe6+ Kf8 24.Rc8 Qxc8 25.Qxc8+ Kg7 26.Qf5 Rf8 27.Re1 Nc6 28.Re6 Rxb2 29.Qg5+ Kh7
30.Rxc6  1-0

[Event "Tch-AUT 2000-01"]
[Site "Graz AUT"]
[Date "2001.01.21"]
[Round "8"]
[White "Weinzettl,E"]
[Black "Eichler,C"]
[Result "1/2-1/2"]
[WhiteElo "2412"]
[BlackElo "2267"]

1.d4 g6 2.e4 Bg7 3.Nc3 c6 4.Nf3 d5 5.h3 Nf6 6.e5 Ne4 7.Nxe4 dxe4 8.Ng5 c5
9.Bb5+ Nc6 10.c3 cxd4 11.Qxd4 Qxd4 12.cxd4 Bd7 13.Bf4 O-O 14.Bc4 Rad8 15.O-O-O h6
16.Nxe4 Bf5 17.Ng3 Nxd4 18.Nxf5 Nxf5 19.Bd5 g5 20.Bh2 b6 21.Kb1 e6 22.Be4 Rfe8
23.g4 Ne7 24.Rd6 Nc8 25.Rxd8 Rxd8 26.Rc1 Bf8 27.Bg3 Bc5 28.h4 Ne7 29.hxg5 hxg5
30.Rh1 Ng6 31.Kc2 Rc8 32.Kd3 Kg7 33.Rc1 Rd8+ 34.Ke2 a5 35.b3 Rd4  1/2-1/2

[Event "ch-POL Girls U16"]
[Site "Zakopane POL"]
[Date "2001.01.25"]
[Round "10"]
[White "Poznanska,K"]
[Black "Wojciechowska,A"]
[Result "1/2-1/2"]
[WhiteElo "2083"]
[BlackElo "2021"]

1.e4 g6 2.d4 Bg7 3.Nc3 c6 4.Bc4 d6 5.Qf3 e6 6.Nge2 d5 7.Bb3 Ne7 8.Bg5 Nd7
9.O-O O-O 10.Rfe1 Re8 11.Rad1 h6 12.Bc1 b6 13.Qh3 Kh7 14.Bg5 Nf6 15.e5 Nd7
16.Nf4 Qc7 17.g4 Ba6 18.Qh4 Ng8 19.Nb1 Bf8 20.c3 Kg7 21.Bxh6+ Nxh6 22.Bc2 Be7
23.g5 Ng8 24.Bxg6 Nf8 25.Bxf7 Bxg5 26.Qxg5+ Kxf7 27.Nh5 Ng6 28.Re3 Be2 29.Rxe2 Qe7
30.Qxe7+ N8xe7 31.Ng3  1/2-1/2

[Event "6th HIT Open"]
[Site "Nova Gorica SLO"]
[Date "2001.01.28"]
[Round "4"]
[White "Fercec,N"]
[Black "Srebrnic,V"]
[Result "1-0"]
[WhiteElo "2450"]
[BlackElo "2242"]

1.e4 g6 2.d4 c6 3.Nc3 Bg7 4.Be3 d5 5.Qd2 dxe4 6.Nxe4 Nd7 7.Bc4 Nb6 8.Bb3 Nf6
9.Nxf6+ Bxf6 10.Nf3 Bg4 11.Ng5 Nd5 12.Ne4 Bg7 13.Bg5 O-O 14.h3 Bf5 15.Ng3 Be6
16.O-O Nc7 17.Rad1 Bxb3 18.axb3 Qd7 19.Rfe1 Ne6 20.Bh6 Rad8 21.Bxg7 Kxg7
22.c3 Rfe8 23.b4 Nc7 24.Re4 e5 25.Qg5 Re6 26.Rde1 exd4 27.Nh5+ Kh8 28.Rxe6 Nxe6
29.Qe5+ f6 30.Qxf6+ Kg8 31.Rxe6 Rf8 32.Re7  1-0

[Event "TCh-SVK"]
[Site "SVK"]
[Date "2001.01.28"]
[Round "7"]
[White "Vlcek,S"]
[Black "Balogh,T"]
[Result "1/2-1/2"]
[WhiteElo "2326"]
[BlackElo "2421"]

1.e4 c6 2.d4 g6 3.Nc3 Bg7 4.Nf3 d5 5.h3 e6 6.Bg5 Qb6 7.a3 Nf6 8.Bxf6 Bxf6
9.e5 Be7 10.Bd3 c5 11.dxc5 Qxc5 12.Qd2 a6 13.h4 h5 14.Qf4 Qc7 15.Kf1 Nc6
16.Re1 Bd7 17.Ng5 f5 18.Rh3 Rg8 19.Rg3 O-O-O  1/2-1/2

[Event "6th HIT Open"]
[Site "Nova Gorica SLO"]
[Date "2001.02.01"]
[Round "8"]
[White "Pinter,A"]
[Black "Srebrnic,V"]
[Result "1-0"]
[WhiteElo "2075"]
[BlackElo "2242"]

1.e4 g6 2.d4 Bg7 3.Nc3 c6 4.Nf3 d5 5.e5 Bg4 6.Be3 Qb6 7.Rb1 e6 8.h3 Bxf3
9.Qxf3 Nd7 10.b4 Qc7 11.Bd3 Ne7 12.O-O O-O 13.g4 f6 14.exf6 Bxf6 15.Qg2 e5
16.dxe5 Nxe5 17.Bf4 Qd7 18.Ne2 Nxd3 19.cxd3 Rae8 20.Ng3 Bg7 21.Bd2 Nc8 22.f4 Nd6
23.Rf3 Rf7 24.Rbf1 Ref8 25.Qf2 b6 26.Kh1 Nb5 27.Be3 Qe7 28.a4 d4 29.Bd2 Nc3
30.b5 cxb5 31.axb5 Bf6 32.f5 Bg7 33.g5 gxf5 34.Nxf5 Qb7 35.Kg1 Qd5 36.Bxc3 dxc3
37.Ne7+ Kh8 38.Nxd5 Rxf3 39.Qxf3 Rxf3 40.Rxf3 c2 41.Rf1 Bb2 42.Kg2 c1=Q 43.Rxc1 Bxc1
44.h4 Kg7 45.Kf3 Kf7 46.Ke4 Ke6 47.Nf4+ Kd6 48.h5 Ke7 49.Kf5 Bb2 50.Nd5+ Kf8
51.h6  1-0

[Event "FSGM February"]
[Site "Budapest HUN"]
[Date "2001.02.05"]
[Round "2"]
[White "Rajlich,V"]
[Black "Csom,I"]
[Result "1/2-1/2"]
[WhiteElo "2364"]
[BlackElo "2431"]

1.e4 c6 2.d4 g6 3.Nc3 Bg7 4.Bc4 d6 5.Qf3 e6 6.Nge2 Nd7 7.O-O Ngf6 8.Bb3 Qc7
9.Bg5 h6 10.Bh4 O-O 11.Rad1 a6 12.a4 b5 13.axb5 cxb5 14.e5 Bb7 15.exf6 Bxf3
16.fxg7 Kxg7 17.gxf3 d5 18.Ra1 Qb6 19.Nd1 g5 20.Bg3 f5 21.f4 g4 22.f3 gxf3
23.Rxf3 Nf6 24.Bh4 Ne4 25.Nf2 Ra7 26.Rh3 Raf7 27.Nd3 Rg8 28.Ne5 Kh7+ 29.Kh1 Rfg7
30.c3 Qb7 31.Bc2 b4 32.cxb4 Qxb4 33.Bxe4 dxe4 34.Bg5 Rg6 35.Rxa6 Qe1+ 36.Ng1 Rxg5
37.fxg5 Rxg5 38.Ra7+ Kg8 39.Ra8+ Kg7 40.Ra7+ Kg8 41.Ra8+ Kg7 42.Ra7+  1/2-1/2

[Event "FSIMB February"]
[Site "Budapest HUN"]
[Date "2001.02.06"]
[Round "3"]
[White "Bozinovic,Bob"]
[Black "Puschmann,L"]
[Result "1/2-1/2"]
[WhiteElo "2137"]
[BlackElo "2291"]

1.e4 g6 2.d4 Bg7 3.Nc3 c6 4.Nf3 d6 5.Be3 Nf6 6.h3 O-O 7.Be2 b5 8.a3 a6 9.O-O Qc7
10.Qd2 Nbd7 11.Rad1 Bb7 12.Ne1 c5 13.f3 cxd4 14.Bxd4 Nb6 15.Qe3 Nbd7 16.Qd2 Rac8
17.Nd5 Bxd5 18.exd5 Nb6 19.Bxf6 Bxf6 20.c3 Qa7 21.Kh1 Rc5 22.Qe3 Qc7 23.Qe4 Rb8
24.Nc2 Qb7 25.Ne3 Bg7 26.f4 Re8 27.Bf3 Nc4 28.Nxc4 Rxc4 29.Qe3 Bh6 30.g3 a5
31.Qd3 Bg7 32.Kg2 Bf6 33.Rf2 Rec8 34.Rfd2 Kg7 35.Re2 b4 36.axb4 axb4 37.cxb4 Rxb4
38.Qe3 Rcc4 39.h4 Qc8 40.Qf2 Rb7 41.h5 h6 42.hxg6 fxg6 43.Be4 h5 44.Bc2 Rxb2
45.Bd3 Rxe2 46.Qxe2 Rc5 47.Qe4 Qe8 48.Bb1 Qf7 49.Rd2 Qe8  1/2-1/2

[Event "FSGM February"]
[Site "Budapest HUN"]
[Date "2001.02.09"]
[Round "6"]
[White "Horvath,Ad"]
[Black "Csom,I"]
[Result "1-0"]
[WhiteElo "2478"]
[BlackElo "2431"]

1.e4 c6 2.d4 g6 3.Nc3 Bg7 4.f4 d6 5.Nf3 Bg4 6.Be3 d5 7.e5 Qb6 8.Rb1 Nh6 9.Be2 Nf5
10.Bf2 h5 11.Nh4 Bxe2 12.Nxe2 Nxh4 13.Bxh4 Qa5+ 14.Nc3 Qa6 15.Qf3 e6 16.a3 Nd7
17.Ne2 Qc4 18.c3 a5 19.b3 Qa6 20.O-O a4 21.bxa4 b6 22.f5 gxf5 23.Ng3 Ra7
24.Rbe1 Rh6 25.Bg5 Rg6 26.h4 Nf8 27.Nxh5 Bh8 28.Bf6 Rh6 29.Bxh8 Rxh8 30.Nf6+ Ke7
31.Qg3 Qxa4 32.h5 Qxa3 33.Qg5 b5 34.Re2 b4 35.cxb4 Qd3 36.Ref2 Qxd4 37.Nxd5+ Kd7
38.Qe7+ Kc8 39.Qe8+ Kb7 40.Ne7 Qd7 41.Qxf7 Rh7 42.Nxf5 exf5 43.Qxf8 Rxh5
44.Qg8 Ra8 45.Qc4 Rah8  1-0